00359 2200145 4500001002100000005001500021035002000036245004800056100002200104300001200126260004100138082000800179084001400187990001200201INLIS00000000000194320250522090406 a0010-05250002351 aIlusi Negara Islam /cKH. Abdurrahman Wahid0 aAbdurrahman Wahid a321 hlm aJakarta :bThe Wahid Institut,c2007 a200 a200 ABD i a0713463